000 00769nam a22001817a 4500
999 _c20492
_d20492
003 OSt
005 20240815121812.0
008 240815b ||||| |||| 00| 0 eng d
040 _c0
082 _aDPer 507 J826 September 2019 - June 2020 v.49 n. 1-5
100 _aCianfrani, Christina.
_eauthor.
_957884
245 _aCourse-based research in the first semester of college:
_bteaching inquiry and building community using constructed wetlands for greywater treatment /
_cChristina Cianfrani and Sarah Hews
260 _aArlington USA;
_bNational Science Teaching Association,
_cMarch/April 2020.
300 _avolume 49, pages 66-74,
_billustration.
700 _aCianfrani, Christina.
_eauthor.
_957884
700 _aHews, Sarah.
_eauthor.
_957885
942 _2ddc
_cPER